000 00448nam a2200181Ia 4500
001 20319
005 20260306172757.0
008 260306t2010||||xx |||||||||||||| ||spa||
041 _aESP
082 _a343.2
_bB32 T. 1
100 _aBazán, Victor
_eAUT
245 0 _aDerecho procesal constitucional americano y europeo
260 _c2010
300 _a785 páginas :
_c24 cm.
650 _aGEN
654 _aCDE
942 _cLIB
_dJUS
_fJUS
_2ddc
_n
999 _c20319
_d20319